Dynamic simulation of electrons in the injector of sealed vacuum chamber of industrial betatrons; IOP Conference Series: Materials Science and Engineering; Vol. 81 : Radiation-Thermal Effects and Processes in Inorganic Materials
| Parent link: | IOP Conference Series: Materials Science and Engineering Vol. 81 : Radiation-Thermal Effects and Processes in Inorganic Materials.— 2015.— [012102, 6 p.] |
|---|---|
| Enti autori: | , |
| Altri autori: | , , , , |
| Riassunto: | Title screen The paper researches some difficulties that emerge in the production ofseries small-sized betatrons. In particular, disadvantages of electron injectorconstruction and attributed problems are described. Analysis of the results ofmathematical simulation of the dynamics of electrons in the injector of the sealedacceleration vacuum chamber of serial betatrons was carried out. The problemareas were highlighted in the injector of electrons requiring to be improved. Режим доступа: по договору с организацией-держателем ресурса |
| Lingua: | inglese |
| Pubblicazione: |
2015
|
| Soggetti: | |
| Accesso online: | http://dx.doi.org/10.1088/1757-899X/81/1/012102 http://earchive.tpu.ru/handle/11683/14684 |
| Natura: | MixedMaterials Elettronico Capitolo di libro |
| KOHA link: | https://koha.lib.tpu.ru/cgi-bin/koha/opac-detail.pl?biblionumber=642488 |
MARC
| LEADER | 00000nla2a2200000 4500 | ||
|---|---|---|---|
| 001 | 642488 | ||
| 005 | 20250204163922.0 | ||
| 035 | |a (RuTPU)RU\TPU\network\7445 | ||
| 090 | |a 642488 | ||
| 100 | |a 20150626d2015 k||y0rusy50 ba | ||
| 101 | 0 | |a eng | |
| 102 | |a GB | ||
| 105 | |a y z 100zy | ||
| 135 | |a drcn ---uucaa | ||
| 181 | 0 | |a i | |
| 182 | 0 | |a b | |
| 200 | 1 | |a Dynamic simulation of electrons in the injector of sealed vacuum chamber of industrial betatrons |f A. P. Shestak [et al.] | |
| 203 | |a Text |c electronic | ||
| 300 | |a Title screen | ||
| 320 | |a [References: 5 tit.] | ||
| 330 | |a The paper researches some difficulties that emerge in the production ofseries small-sized betatrons. In particular, disadvantages of electron injectorconstruction and attributed problems are described. Analysis of the results ofmathematical simulation of the dynamics of electrons in the injector of the sealedacceleration vacuum chamber of serial betatrons was carried out. The problemareas were highlighted in the injector of electrons requiring to be improved. | ||
| 333 | |a Режим доступа: по договору с организацией-держателем ресурса | ||
| 337 | |a Adobe Reader | ||
| 461 | 1 | |0 (RuTPU)RU\TPU\network\2008 |t IOP Conference Series: Materials Science and Engineering | |
| 463 | 1 | |0 (RuTPU)RU\TPU\network\7891 |t Vol. 81 : Radiation-Thermal Effects and Processes in Inorganic Materials |o International Scientific Conference, 3-8 November 2014, Tomsk, Russia |o [proceedings] |v [012102, 6 p.] |d 2015 | |
| 610 | 1 | |a электронный ресурс | |
| 610 | 1 | |a труды учёных ТПУ | |
| 701 | 1 | |a Shestak |b A. P. |c specialist in the field of accelerator physics |c researcher at Tomsk Polytechnic University |f 1984- |g Aleksandr Pavlovich |3 (RuTPU)RU\TPU\pers\34917 |9 18235 | |
| 701 | 1 | |a Malikov |b E. L. |c physicist |c Researcher of Tomsk Polytechnic University |f 1978- |g Evgeny Lvovich (L'vovich) |3 (RuTPU)RU\TPU\pers\32863 |9 16711 | |
| 701 | 1 | |a Sukharnikov |b K. V. |c specialist in the field of accelerator physics |c engineer at Tomsk Polytechnic University |f 1989- |g Konstantin Vladimirovich |3 (RuTPU)RU\TPU\pers\34918 | |
| 701 | 1 | |a Rychkov |b M. M. |c physicist |c Head of the laboratory of Tomsk Polytechnic University, Candidate of technical sciences |f 1977- |g Maksim Mikhailovich |3 (RuTPU)RU\TPU\pers\32262 |9 16251 | |
| 701 | 1 | |a Kuimova |b M. V. |c linguist |c Head of the Department of Tomsk Polytechnic University, Candidate of pedagogical sciences |f 1976- |g Marina Valerievna |3 (RuTPU)RU\TPU\pers\32753 |9 16631 | |
| 712 | 0 | 2 | |a Национальный исследовательский Томский политехнический университет (ТПУ) |b Институт неразрушающего контроля (ИНК) |b Лаборатория № 42 (Сильноточных бетатронов) |3 (RuTPU)RU\TPU\col\19919 |
| 712 | 0 | 2 | |a Национальный исследовательский Томский политехнический университет (ТПУ) |b Институт неразрушающего контроля (ИНК) |b Кафедра иностранных языков Института неразрушающего контроля (ИЯНК) |3 (RuTPU)RU\TPU\col\18721 |
| 801 | 2 | |a RU |b 63413507 |c 20161212 |g RCR | |
| 856 | 4 | |u http://dx.doi.org/10.1088/1757-899X/81/1/012102 | |
| 856 | 4 | |u http://earchive.tpu.ru/handle/11683/14684 | |
| 942 | |c CF | ||